Skill development and labour market in an industrializing economy (Record no. 355405)

000 -LEADER
fixed length control field 00412cam a22001217a 4500
008 - FIXED-LENGTH DATA ELEMENTS--GENERAL INFORMATION
fixed length control field 180718b1978 xxu||||| |||| 00| 0 eng d
082 ## - DEWEY DECIMAL CLASSIFICATION NUMBER
Classification number K5 T326
100 ## - MAIN ENTRY--PERSONAL NAME
Personal name Thakur, C.P.
245 ## - TITLE STATEMENT
Title Skill development and labour market in an industrializing economy
Statement of responsibility, etc. by C.P. Thakur
260 ## - PUBLICATION, DISTRIBUTION, ETC.
Place of publication, distribution, etc. Delhi
Name of publisher, distributor, etc. Shri Ram Centre for Industrial Relations and Human Resources
Date of publication, distribution, etc. 1978
300 ## - PHYSICAL DESCRIPTION
Extent 205p.
650 ## - SUBJECT ADDED ENTRY--TOPICAL TERM
Topical term or geographic name entry element Employees --Training of
Holdings
Withdrawn status Lost status Damaged status Not for loan Permanent Location Current Location Date acquired Full call number Barcode Date last seen Price effective from Koha item type
        Indian Institute of Public Administration Indian Institute of Public Administration 1993-12-18 K5 T326 54707 2018-07-21 2018-07-21 Book

Powered by Koha